000 00300nam a2200133Ia 4500
005 20251222142015.0
008 251222s9999||||xx |||||||||||||| ||spa||
020 _a978-84-08-10070-6
082 _a288.8/M26
100 _aMarx, Reinhard
245 0 _aEl Capital:
264 _bPlaneta
942 _cLIB
999 _c10467
_d10467